• 首页
  • 本馆介绍
  • 公告通知
  • 最新文献
  • 馆藏检索
  • 电子资源
  • 读者导购
  • 参考咨询
  • 我的图书馆
  • 登录
  • 详细信息显示
  • 放入我的书架
  • 预约/预借图书
  • 作者相关作品
  • 分类相关作品
  • 丛书相关作品
  • 出版社相关作品

书目信息

  • 表格格式
  • 工作单格式
  • 卡片格式
题名:
儿童用品中有机污染物检测技术
    
 
作者: 白桦 , 张庆 主编
分册:  
出版信息: 北京   化学工业出版社  2016
页数: 207页
开本: 24cm
丛书名:
单 册:
中图分类: X502
科图分类:
主题词: 儿童--工业产品--有机污染物--检测
电子资源:
ISBN: 978-7-122-25875-5
000 00891nam0 2200229 450
001 3335
005 20160926093305.90
010    @a978-7-122-25875-5@b平装@dCNY68.00
100    @a20160408d2016 em y0chiy50 ea
101 0  @achi
102    @aCN@b110000
105    @aa z 000yy
200 1  @a儿童用品中有机污染物检测技术@9er tong yong pin zhong you ji wu ran wu jian ce ji shu@f白桦,张庆主编
210    @a北京@c化学工业出版社@d2016
215    @a207页@c图@d24cm
330    @a本书系统地介绍了针对儿童用品中有机污染物(包括环境激素、致敏性芳香剂、增塑剂、防腐剂、阻燃剂、挥发性有机物、亚硝胺、初级芳香胺、偶氮染料等)的检测标准、检测方法和检测新技术。
606 0  @a儿童@x工业产品@x有机污染物@x检测
690    @aX502@v5
701  0 @a白桦@9bai hua@c(污染物检验)@4主编
701  0 @a张庆@9zhang qing@c(污染物检验)@4主编
801  0 @aCN@b唐山师范学院图书馆@c20151001
905    @aZUCC@dX502@e148
    
    儿童用品中有机污染物检测技术/白桦,张庆主编.-北京:化学工业出版社,2016
    207页:图;24cm
    
    
    ISBN 978-7-122-25875-5(平装):CNY68.00
    本书系统地介绍了针对儿童用品中有机污染物(包括环境激素、致敏性芳香剂、增塑剂、防腐剂、阻燃剂、挥发性有机物、亚硝胺、初级芳香胺、偶氮染料等)的检测标准、检测方法和检测新技术。
●
相关链接 在E读中查询图书 在五车中查询图书 在当当中查询图书 在豆瓣中查询图书


正题名:儿童用品中有机污染物检测技术     索取号:X502/148         预约/预借

序号 登录号 条形码 馆藏地/架位号 状态 备注
1 904372   209043729   第二样本阅览室/ [索取号:X502/148] 在馆    
2 904373   209043738   密集书库-化学系/ [索取号:X502/148] 在馆    
3 904374   209043747   第三借阅区/ [索取号:X502/148] 在馆    
4 904375   209043756   第三借阅区/ [索取号:X502/148] 在馆    
5 904376   209043765   第三借阅区/ [索取号:X502/148] 在馆    
唐山师范学院图书馆 欢迎您!
大连网信软件有限公司© 版权所有